000 00512nam a2200169Ia 4500
008 090201s9999 xx 000 0 und d
010 _aKPL-35861
040 _bमराठी
041 _aमराठी
082 _a23416
_b35861
100 _aग. रा. टिकेकर
245 _aराँग नंबर
_cग. रा. टिकेकर
260 _c2004
_bरविराज प्रकाशन
300 _a139
_bमोठा
600 _aराँग नंबर
942 _cBOOK
999 _c222893
_d222893